120 Stopni Zachodnie Południk Kraje - Statystyki

Ogólne statystyki
  • Ten quiz został rozwiązany 86 razy
  • Średni wynik to 14 z 20
Statystyki odpowiedzi
stopni kraj % Poprawnych
Kanada
99%
Stany Zjednoczone
96%
2.88° Meksyk
95%
10.55° Chile
91%
36.95° Panama
86%
38.66° Peru
86%
28.32° Ekwador
84%
30.64° Honduras
84%
40.98° Kolumbia
84%
35.04° Kuba
78%
34.05° Kostaryka
75%
29.87° Salwador
74%
30.76° Belize
69%
27.78° Gwatemala
69%
45.52° Haiti
68%
32.31° Nikaragua
68%
41.63° Jamajka
64%
40.69° Bahamy
54%
30.19° Kiribati
19%
37.32° Wyspy Cooka
4%
Nie znaleziono quizów pasujących do podanych kryteriów
Rozkład punktacji
Procent ludzi z każdym wynikiem
Percentyl według liczby udzielonych odpowiedzi
Twoja historia wyników
Nie rozwiązałeś tego quizu